Microsoft Windows 2000 Professional resource kit

Gespeichert in:
Bibliographische Detailangaben
Weitere Verfasser: Mikulaštík, Jakub
Format: Buch
Sprache:Tschechisch
Veröffentlicht: Praha Computer Press 2000
Schriftenreihe:PROFI
Schlagworte:
Tags: Tag hinzufügen
Keine Tags, Fügen Sie das erste Tag hinzu!

MARC

LEADER 00000nam$a2200000$$$4500
001 0034681
005 20221129101102.7
020 |a 80-7226-721-3 
041 0 |a cze 
044 |a CZ 
245 1 0 |a Microsoft Windows 2000 Professional  |b resource kit  |c překlad: Jakub Mikulaštík ... [et al.] 
264 1 |a Praha  |b Computer Press  |c 2000 
300 |a 1389 s.  |e 1 CD-ROM 
490 1 |a PROFI 
830 0 |a PROFI 
500 |a Na CD přes 200 nových nástrojů a utilit pro Windows 2000 Professional 
610 2 0 |a systémy operačné 
610 2 0 |a softvér 
610 2 0 |a programy počítačové 
610 2 0 |a siete počítačové 
610 2 0 |a servery 
610 2 0 |a počítače 
610 2 0 |a multimédiá 
610 2 0 |a pamäť počítača 
610 2 0 |a procesory 
610 2 0 |a Microsoft Windows 2000 Professional 
700 1 |a Mikulaštík, Jakub